000
00237nam a2200097Ia 4500
008
240331s9999 xx 000 0 und d
082
_b
LIL
100
_a
Lilly, K. A
245
2
_a
A portrait of the artist as a young man :
_b
notes
942
_c
L
999
_c
3192
_d
3192